MDQL
is popping MORE tags! Check the
thread
!
Quizzes
Events
Quiz Creation
Community
Videos
Private Events
Remove Ads
Sign In
Join for FREE
Feedback
Dark Mode
Quiz Categories
Sports
Geography
Music
Movies
Television
Just For Fun
Miscellaneous
History
Literature
Language
Science
Gaming
Entertainment
Religion
Holiday
For Kids
Quiz Lab
Recent
Popular Today
Quiz Kudos Today
Editor Picks
Curator Picks
Quizzes by...
Day
Popularity
Type
Ratings
Length
Year
Community
Subscriptions
Recent Discussions
Orange Saloon
Badges
Playlists
Quests
Create
Leaderboards
Showdown
Live 5
Trivia Bingo
Activity
Puzzle Library
Sporcle Events
Private Events
Virtual Trivia
Globe League
Become a Host
Pub Owners
SporcleCon
Opinionation
Our Games
Videos
Blog
Mobile Apps
Partnerships
Remove Ads and Go Orange
Feedback
Sports
Athletes
MLB
NBA
NHL
NFL
Soccer
Sports Teams
WWE
NCAA
Football
Premier League
Basketball
Baseball
Hockey
Golf
Tennis
Cricket
Rugby
Auto Racing
Olympics
World Cup
Sports
Athletes
MLB
NBA
NHL
NFL
Soccer
Sports Teams
WWE
NCAA
Football
Premier League
Basketball
Baseball
Hockey
Golf
Tennis
Cricket
Rugby
Auto Racing
Olympics
World Cup
Random Quiz
Search Sporcle
×
Quiz Lab
Quiz Lab
Sports
NFL
Type in answers that appear in a list
Type in answers that appear in a list
Classic
Best Score? Go Orange.
NFL Starting Quarterbacks of 2017 Stats
Can you name the NFL Starting Quarterbacks of 2017?
By
lukemead4
4m
32 Questions
218 Plays
218 Plays
218 Plays
Comments
Comments
Give Quiz Kudos
Give Quiz Kudos
-
- Ratings
hide this ad
Replay
Link that replays current quiz
Next Quiz
Link to next quiz in quiz playlist
You Got
0%
They Got
Avg Score
66%
Avg Friend Score
Upgrade to see
Score Distribution
Jump to the score distribution portion of the page
Score
0/32
Timer
04:00
0
Plays Today
Hint
Answer
% Correct
New England Patriots
Tom Brady
91.3%
Buffalo Bills
Tyrod Taylor
84.9%
Baltimore Ravens
Joe Flacco
83.9%
Pittsburgh Steelers
Ben Roethlisberger
79.4%
Miami Dolphins
Jay Cutler
78%
Cincinnati Bengals
Andy Dalton
78%
New York Giants
Eli Manning
75.2%
Dallas Cowboys
Dak Prescott
72.5%
Green Bay Packers
Aaron Rodgers
71.6%
Washington Redskins
Kirk Cousins
71.1%
Atlanta Falcons
Matt Ryan
71.1%
Tennessee Titans
Marcus Mariota
70.6%
Kansas City Chiefs
Alex Smith
70.6%
Carolina Panthers
Cam Newton
70.6%
Philadelphia Eagles
Carson Wentz
69.7%
Indianapolis Colts
Andrew Luck
69.3%
Hint
Answer
% Correct
New Orleans Saints
Drew Brees
69.3%
Jacksonville Jaguars
Blake Bortles
68.3%
Oakland Raiders
Derek Carr
67.9%
Detroit Lions
Matthew Stafford
66.5%
Los Angeles Chargers
Philip Rivers
66.1%
Seattle Seahawks
Russell Wilson
61.9%
Arizona Cardinals
Carson Palmer
59.6%
Tampa Bay Buccaneers
Jameis Winston
59.2%
New York Jets
Josh McCown
58.3%
Los Angeles Rams
Jared Goff
57.3%
Minnesota Vikings
Sam Bradford
56.4%
Denver Broncos
Trevor Siemian
54.1%
Houston Texans
Tom Savage
50.5%
Cleveland Browns
Brock Osweiler
49.5%
Chicago Bears
Mike Glennon
45%
San Francisco 49ers
Brian Hoyer
38.1%
Quiz Playlist
Details
Report
Send in Message
Add To Playlist
Classic:
Type in answers that appear in a list
Last Updated: Sep 17, 2017
Quiz Scoreboard
CHALLENGE
Sign Up to Join the Scoreboard
Show All
Scores
Hide
Comments
May contain spoilers
Recently Published
Street Fighter Characters
by Artimus82
Gaming
60s
9x9 Crossword: Cartoon Network
by jackfrog10
Miscellaneous
3m
College Basketball Coaching Resumes
by pancakes188
Sports
9m
More to Explore
Quiz From the Vault
Featured Blog Post
Where Did the Easter Bunny Come From?
hide this ad
You Might Also Like...
Tags
NFL Quiz
2017
Starting
Today's Top Quizzes in Sports
Browse Sports
hide this ad
Today's Top Quizzes in NFL
Browse NFL
Top Contributed Quizzes in Sports
1
2022 World Cup Stars
2
Les meilleurs buteurs des matchs entre le PSG et l’OM
3
FIFA Club World Cup Champions
4
Les entraîneurs de l'OM et du PSG au 21e siècle
5
Criteria MLB: Left Handed Sluggers
6
2023 MLB Unique Player Accomplishments
7
AFC Teams Reveal (Wrong Answers Minefield)
8
5-to-1: FBS Animal Nicknames
9
Players with Multiple 50 Home Run Seasons
10
5-to-1: UK Sports Teams
Explore More
Trending Topics
Crossword
NBA
Kpop
Anime
Disney
Marvel
Harry Potter
Soccer
Country
Pokémon
NFL
The Office
WWE
Puzzle
Song
hide this ad
More By:
lukemead4
Quiz
Plays
Rating
Category
Featured
Created
NFL Starting Quarterbacks of 2017
218
2.00
Sports
Aug 8, 2017
Go to Creator's Profile
Score Distribution
Quiz Creator Spotlight
lukemead4
Follow
Send a Message
Quizzes Created
-
Created Quiz Play Count
-
More By This Creator
Popular Quizzes Today
1
Find the US States - No Outlines Minefield
2
Find the Countries of Europe - No Outlines Minefield
3
The Countries of the World
4
Find the US States
5
Risky Map Clicking: Biggest States A-Z
6
US States
7
Popular People in 1961
8
Movies - When Are They Set?
More Sports Quizzes
Germany A to Z
Curator's Pick
Trending Quizzes
Risky Map Clicking: Least Populous States A-Z
Countries of the World: 200 Million BC
1-10 Letter G Words
Risky Map Clicking: Next State Alphabetically
Adjectives in 80s TV Shows
Recently Updated
Leaping Animals
pecheneg
Reality TV Shows (A-Z)
bhenderson79
Rickey Henderson's Hall of Fame Teammates
pecheneg
Champions League XIs: Arsenal
pecheneg
Quick Pick: Celebrities in WWE's Hall of Fame
aduchscher
A-Z Keypad Blitz II
pecheneg
Multiple Oscar Actors
pecheneg
Mystery Phrase Blitz: Oscar 'Best Actors'
pecheneg
F. Scott Fitzgerald Novels
LTH
Pick 3 Villains
ddd62291
Trending Topics
Anime
Crossword
Marvel
Harry Potter
Kpop
Disney
NBA
Pokémon
NFL
WWE
Song
Soccer
Country
The Office
Puzzle
Your Account Isn't Verified!
In order to create a playlist on Sporcle, you need to verify the email address you used during registration. Go to your
Sporcle Settings
to finish the process.
Report this User
Report this user for behavior that violates our
Community Guidelines
.
Details:
Send Report
Go to the Sporcle.com Mobile Site →
Comments